Current insights into the green synthesis, in planta characterization and phytoeffects of nickel nanoparticles and their agricultural implications

Elmentve itt :
Bibliográfiai részletek
Szerzők: Kondak Selahattin
Kondak Dóra
Kabadayi Onur
Erdei László
Rónavári Andrea
Kónya Zoltán
Galbács Gábor
Kolbert Zsuzsanna
Dokumentumtípus: Cikk
Megjelent: 2024
Sorozat:ENVIRONMENTAL RESEARCH 260
Tárgyszavak:
doi:10.1016/j.envres.2024.119665

mtmt:35144019
Online Access:http://publicatio.bibl.u-szeged.hu/35373
LEADER 01098nab a2200301 i 4500
001 publ35373
005 20241219090909.0
008 241219s2024 hu o 000 eng d
022 |a 0013-9351 
024 7 |a 10.1016/j.envres.2024.119665  |2 doi 
024 7 |a 35144019  |2 mtmt 
040 |a SZTE Publicatio Repozitórium  |b hun 
041 |a eng 
100 1 |a Kondak Selahattin 
245 1 0 |a Current insights into the green synthesis, in planta characterization and phytoeffects of nickel nanoparticles and their agricultural implications  |h [elektronikus dokumentum] /  |c  Kondak Selahattin 
260 |c 2024 
300 |a 10 
490 0 |a ENVIRONMENTAL RESEARCH  |v 260 
650 4 |a Kémiai tudományok 
650 4 |a Biológiai tudományok 
700 0 1 |a Kondak Dóra  |e aut 
700 0 1 |a Kabadayi Onur  |e aut 
700 0 1 |a Erdei László  |e aut 
700 0 1 |a Rónavári Andrea  |e aut 
700 0 1 |a Kónya Zoltán  |e aut 
700 0 1 |a Galbács Gábor  |e aut 
700 0 1 |a Kolbert Zsuzsanna  |e aut 
856 4 0 |u http://publicatio.bibl.u-szeged.hu/35373/1/NinanoparticlesinplantareviewEnvironRes2024.pdf  |z Dokumentum-elérés